000 00724nam a2200241 a 4500
001 BRCA_455
005 20190320203023.0
008 171106c1991----sp-a---###---#000-0#spa-d
020 _a8476300840
041 _aspa
044 _asp
050 4 _aND1120
_b.L67 1991
100 1 _aLosos, Ludvík
_91561
245 1 0 _aLas técnicas de la pintura
_bel arte y la práctica
_cLudvík Losos.
260 _aMadrid
_bLibsa
_c1991
300 _a191 p.
_bil. (algunas a color)
_c30 cm.
440 0 _aColección Técnicas de arte
_91562
500 _aIncluye índice onomástico y glosario
504 _aBibliografía: p. 185
650 1 4 _aPintura
_xEstudio y enseñanza
_91563
650 1 4 _aPintura
_xTécnica
_91564
942 _2lcc
_cB
999 _c390
_d390